000 00805nam a2200301Ia 4500
001 5550
005 20240113233837.0
007 ta
008 050621s1973 a g b000 u eng u
020 _a0 582 44311 3
040 _aCotton College,Assam
041 _aeng
082 _a547
_bF 49 P
100 _aFinar, I.L..
245 0 _aProblems And Their Solutions in Organic Chemistry /
_cI.L. Finar.
_hTextual Documents
250 _a1st ed. /
260 _aEngland :
_bELBS, English Language Book Society/Longman ,
_c1973.
300 _ax, 359p. :
_bill. ;
_c24cm .
653 _aChemistry
653 _aOrganic Chemistry
653 _aPG-Chemistry
653 _aG- Chemistry
942 _2ddc
_cBK
999 _c5537
_d5537